| 000 | 00619nam a2200229Ia 4500 | ||
|---|---|---|---|
| 003 | OSt | ||
| 005 | 20220926014123.0 | ||
| 006 | a|||||r|||| 00| 0 | ||
| 007 | ta | ||
| 008 | 220923b |||||||| |||| 00| 0 eng d | ||
| 037 | _cGeneral Book | ||
| 040 |
_aRTL _cRTL _beng |
||
| 041 |
_2eng _aeng |
||
| 082 | _aX6, G41,G5 | ||
| 100 |
_aGaris R L _9319806 |
||
| 245 | 0 | _aPrinciples of money, credit and banking | |
| 260 |
_aNew York _bMacmillan Co. _c1935 |
||
| 300 |
_a1056p _ccm. |
||
| 650 |
_aEssays on Credit _9233190 |
||
| 942 |
_hX6, G41,G5 _cGB _2CC |
||
| 999 |
_c627905 _d627905 |
||